000 00438nam a2200169 a 4500
001 0000-8748
003 ELIB.Books
008 110520 1986
035 _a(ELIB.Books)0000-8894
082 _a230
_bSon
100 _aSong, Choan-Seng
245 _aTheology from the Womb of Asia
260 _bNew York: Orbis Books
_c1986
650 _aTheology
942 _2ddc
_cBK
998 _cbat
_e2011-05-20
_mcat
_u2019-05-23
999 _c8748
_d8748